| 000 | 00650nam a22001577a 4500 | ||
|---|---|---|---|
| 003 | OSt | ||
| 005 | 20151007150323.0 | ||
| 008 | 151007b xxu||||| |||| 00| 0 eng d | ||
| 040 | _cRUA | ||
| 082 | _aAVM KON 2006 B0756 Or.1 | ||
| 100 |
_92286 _aKONG, BUNSIANG. |
||
| 245 | _aEpidemiological of fasciolosis of cattle in oral district kompong speu province, ការរាតត្បាតនៃជំងឺបង្កដោយហ្វាស្យូឡា លើសត្វគោនៅស្រុកឱរ៉ាល ខេត្តកំពង់ស្ពឺ | ||
| 260 |
_aPhnom Penh _bRUA _c2006 |
||
| 300 |
_a37p. _bill. _c29cm. |
||
| 942 |
_2ddc _cAVM |
||
| 999 |
_c2155 _d2155 |
||